La nostalgia del camino (Record no. 137329)

MARC details
000 -LEADER
campo de control de longitud fija 00465nam a2200157 4500
001 - NÚMERO DE CONTROL
campo de control 137329
003 - IDENTIFICADOR DE NÚMERO DE CONTROL
campo de control ES-MaACL
005 - FECHA Y HORA DE LA ÚLTIMA TRANSACCIÓN
campo de control 20230906195343.0
007 - CAMPO FIJO DE DESCRIPCIÓN FÍSICA--INFORMACIÓN GENERAL
campo de control de longitud fija t|
008 - DATOS DE LONGITUD FIJA--INFORMACIÓN GENERAL
campo de control de longitud fija 070214s1949 sp r ||||1| spa d
100 1# - ENTRADA PRINCIPAL--NOMBRE DE PERSONA
Nombre de persona Sánchez G., Cándido.
9 (RLIN) 102650
245 13 - MENCIÓN DEL TÍTULO
Título La nostalgia del camino
Resto del título : poesías /
Mención de responsabilidad, etc. Cándido Sánchez G.
260 ## - PUBLICACIÓN, DISTRIBUCIÓN, ETC.
Lugar de publicación, distribución, etc. Oviedo :
Nombre del editor, distribuidor, etc. [s.n.],
Fecha de publicación, distribución, etc. 1949 (
Fabricante Gráf. Summa)
300 ## - DESCRIPCIÓN FÍSICA
Extensión 119 p. :
Otras características físicas il. ;
Dimensiones 17 cm.
852 ## - LOCALIZACIÓN
Ubicación ES-MaACL
Número de control de estantería 1901-F-1
Sublocalización o colección R.28412
Holdings
Estatus retirado Estado de pérdida Estado de daño No para préstamo Colección Biblioteca de origen Biblioteca actual Ubicación en estantería Fecha de adquisición Fuente de adquisición Total de préstamos Signatura topográfica completa Código de barras Visto por última vez Precio de reemplazo Tipo de ítem Koha
        Colección de folletos Biblioteca del Ateneo de Madrid Biblioteca del Ateneo de Madrid Depósito folletos 17/01/2008     1901-F-1 1142909 23/02/2023 23/02/2023 Folleto